Ang mahiwagang kuba (The Enchanted Hunchback) / (Record no. 21906)

000 -LEADER
fixed length control field 00571nam a22001577a 4500
003 - CONTROL NUMBER IDENTIFIER
control field OSt
005 - DATE AND TIME OF LATEST TRANSACTION
control field 20260126092906.0
008 - FIXED-LENGTH DATA ELEMENTS--GENERAL INFORMATION
fixed length control field 260126b2011 xxu|a||| |||| 00| 0 eng d
040 ## - CATALOGING SOURCE
Transcribing agency csu
100 ## - MAIN ENTRY--PERSONAL NAME
Personal name Bellen, Christine S.
Relator term author.
245 ## - TITLE STATEMENT
Title Ang mahiwagang kuba (The Enchanted Hunchback) /
Statement of responsibility, etc muling isinalaysay ni Christine S. Bellen : iginuhit ni Serfgio T. Bumatay III
260 ## - PUBLICATION, DISTRIBUTION, ETC. (IMPRINT)
Place of publication, distribution, etc Anvil Publishing, Inc. :
Name of publisher, distributor, etc [name of publisher not identified],
Date of publication, distribution, etc c2011.
300 ## - PHYSICAL DESCRIPTION
Extent 32 pages :
Other physical details color illustrations.
700 ## - ADDED ENTRY--PERSONAL NAME
Personal name Sergio T. Bumatay III
Relator term gumuhit.
942 ## - ADDED ENTRY ELEMENTS (KOHA)
Source of classification or shelving scheme
Koha item type Books
Holdings
Price effective from Permanent Location Date last seen Not for loan Date acquired Source of classification or shelving scheme Koha item type Lost status Withdrawn status Copy number Source of acquisition Collection code Damaged status Barcode Shelving location Current Location Full call number
2026-01-23Cagayan State University - Carig Library2026-01-26 2026-01-26 Books  1DonationsChildren Section C000883Children SectionCagayan State University - Carig LibraryCS C883 B428
2026-01-23Cagayan State University - Carig Library2026-01-26 2026-01-26 Books  2DonationsChildren Section C000884Children SectionCagayan State University - Carig LibraryCS C884 B428

Cagayan State University University Library, Carig Campus
Tuguegarao City, Cagayan 3500 | www.csucarig.edu.ph

Powered by Koha